01004nam a2200205Ia 4500001000700000008004100007090001700048100004200065245023900107260003200346300001000378502008500388650007200473901001700545902000600562905006300568942000600631999001900637952014200656Z_5517220601s9999 xx 000 0 und d aTesis P 1100 aPulido Albores, Angel Rosendo9182445 aEstablecimiento de la metodología para el manejo óptimo de muestras de sangre y leche de ganado cebú (Bos indicus) destinadas a la determinación de progesterona por medio de radioinmunoanálisis / Angel Rosendo Pulido Albores aMéxico, D.F. : El autor,  a77 h. aTesis ( Mestro en Producción Animal) -- UNAM. Facultad de Medicina Veterinaria a1. Muestras de sangre 2. Sangre - Análisis y químicaÌ9182446 aTESIS P 1100 aM a0000001989 0000000000 00 c2 c216975d216975 00102local4051708TESISaZbZd2007-08-10eEl autorl0oTesis P85 1100 1989p5101001670r2022-06-02 00:00:00tEj.1w2022-06-02yTESIS